[Event "19. Obert Int. Sant Marti 2017 - B"]
[Site "Barcelona ESP"]
[Date "2017.07.13"]
[Round "1.65"]
[White "Roche Peris, Eduard"]
[Black "Sanchez Rodriguez, Raul"]
[Result "1-0"]
[WhiteElo "1758"]
[BlackElo "1228"]
[PlyCount "121"]
[EventDate "2017.07.13"]
[EventType "swiss"]
[EventRounds "9"]
[EventCountry "ESP"]
[SourceTitle "Ajedrez en Madrid"]
[Source "lmi"]
[SourceDate "2017.07.13"]
[SourceVersion "1"]
[SourceVersionDate "2019.06.21"]
[SourceQuality "1"]

1. d4 d5 2. c4 e6 3. Nc3 Nf6 4. Bg5 h6 5. Bh4 Nc6 6. e3 g5 7. Bg3 Bb4 8. a3
Bxc3+ 9. bxc3 Ne4 10. Qc2 Nxg3 11. hxg3 Bd7 12. Nf3 g4 13. Nh4 Na5 14. cxd5
exd5 15. Nf5 Qf6 16. Bd3 O-O-O 17. Rb1 Nc4 18. Qb3 b6 19. Rh5 Rhg8 20. Rxh6 Rg6
21. Rxg6 fxg6 22. Nh4 g5 23. Ng6 Rg8 24. Ne5 Nxe5 25. dxe5 Qxe5 26. Ba6+ Kd8
27. Rd1 Bc6 28. Be2 Qe4 29. Bf1 Rh8 30. Rd4 Qf5 31. c4 Rf8 32. Rd2 Bb7 33. cxd5
Ke7 34. Qb4+ Kd8 35. Bd3 Qf6 36. Qxg4 Ke7 37. Bb5 Kf7 38. Qd7+ Qe7 39. Qxe7+
Kxe7 40. e4 a6 41. Be2 Kd6 42. f3 c6 43. dxc6+ Kxc6 44. Kf2 g4 45. f4 Kc5 46.
e5 b5 47. Bxg4 Kc4 48. e6 Re8 49. f5 Bc8 50. Ke3 Kb3 51. Rd3+ Ka4 52. Bd1+ Ka5
53. g4 b4 54. Rd5+ Kb6 55. axb4 Bb7 56. Rd6+ Kc7 57. Rd7+ Kc8 58. Bf3 Bxf3 59.
gxf3 Rd8 60. Rxd8+ Kxd8 61. f6 1-0

[Event "19. Obert Int. Sant Marti 2017 - B"]
[Site "Barcelona ESP"]
[Date "2017.07.13"]
[Round "1.66"]
[White "Lobo Pereira, Arami"]
[Black "Volart Buil, Jordi"]
[Result "0-1"]
[WhiteElo "1206"]
[BlackElo "1754"]
[PlyCount "102"]
[EventDate "2017.07.13"]
[EventType "swiss"]
[EventRounds "9"]
[EventCountry "ESP"]
[SourceTitle "Ajedrez en Madrid"]
[Source "lmi"]
[SourceDate "2017.07.13"]
[SourceVersion "1"]
[SourceVersionDate "2019.06.21"]
[SourceQuality "1"]

1. e4 e5 2. Nf3 Nc6 3. Bb5 Nge7 4. O-O g6 5. Re1 Bg7 6. c3 O-O 7. d4 exd4 8.
cxd4 d5 9. Qe2 dxe4 10. Qxe4 Bf5 11. Qe2 Bxb1 12. Rxb1 Nf5 13. Bxc6 bxc6 14.
Rd1 Qd5 15. b3 Rfe8 16. Qc2 Nxd4 17. Nxd4 Qxd4 18. Bb2 Qb6 19. Bxg7 Kxg7 20.
Rd7 Re6 21. Rbd1 Rae8 22. Qd2 Re2 23. Qc3+ Kg8 24. Rf1 c5 25. Qf3 Qe6 26. Rxc7
Re1 27. g3 Rxf1+ 28. Kxf1 Qh3+ 29. Qg2 Re1+ 30. Kxe1 Qxg2 31. Rxa7 c4 32. bxc4
Qe4+ 33. Kf1 Qxc4+ 34. Kg2 h5 35. a4 Kg7 36. a5 Kf6 37. a6 g5 38. Kg1 g4 39.
Kg2 Qe6 40. Kg1 Kf5 41. Ra8 Qe1+ 42. Kg2 Qe4+ 43. Kg1 Qxa8 44. a7 Ke4 45. Kg2
f5 46. Kf1 Kf3 47. Ke1 Qxa7 48. Kd1 Qa2 49. Kc1 Ke2 50. f4 Kd3 51. h4 Qc2# 0-1

[Event "19. Obert Int. Sant Marti 2017 - B"]
[Site "Barcelona ESP"]
[Date "2017.07.13"]
[Round "1.67"]
[White "Mercader Rubio, Luis"]
[Black "Aarav, Dengla"]
[Result "0-1"]
[WhiteElo "1747"]
[BlackElo "1177"]
[PlyCount "74"]
[EventDate "2017.07.13"]
[EventType "swiss"]
[EventRounds "9"]
[EventCountry "ESP"]
[SourceTitle "Ajedrez en Madrid"]
[Source "lmi"]
[SourceDate "2017.07.13"]
[SourceVersion "1"]
[SourceVersionDate "2019.06.21"]
[SourceQuality "1"]

1. d4 d5 2. c4 c6 3. Nc3 Nf6 4. Nf3 dxc4 5. e4 b5 6. a4 b4 7. Na2 b3 8. Nc3 Ba6
9. Bg5 Nbd7 10. Be2 g6 11. Nd2 Qa5 12. Bxf6 Nxf6 13. Bxc4 Bxc4 14. Nxc4 Qb4 15.
Nd2 Rb8 16. O-O Bg7 17. d5 cxd5 18. exd5 O-O 19. Re1 Rfd8 20. Nf3 e6 21. Ne5
Rbc8 22. Qf3 exd5 23. Nd3 Qb7 24. Rac1 Ne4 25. Nb5 a6 26. Na3 Qd7 27. a5 Qa4
28. Qg4 Rxc1 29. Rxc1 Bxb2 30. Rc8 Rxc8 31. Qxc8+ Kg7 32. Qxa6 Qxa3 33. g3 Nc5
34. Qb5 Nxd3 35. Qxd3 Bf6 36. a6 Qa1+ 37. Kg2 b2 0-1

[Event "19. Obert Int. Sant Marti 2017 - B"]
[Site "Barcelona ESP"]
[Date "2017.07.13"]
[Round "1.68"]
[White "Pinyol I Llora, Julia"]
[Black "Minos Constante, Pablo"]
[Result "0-1"]
[WhiteElo "1130"]
[BlackElo "1742"]
[PlyCount "66"]
[EventDate "2017.07.13"]
[EventType "swiss"]
[EventRounds "9"]
[EventCountry "ESP"]
[SourceTitle "Ajedrez en Madrid"]
[Source "lmi"]
[SourceDate "2017.07.13"]
[SourceVersion "1"]
[SourceVersionDate "2019.06.21"]
[SourceQuality "1"]

1. e4 c5 2. Nc3 e6 3. Bc4 Nc6 4. f4 Nge7 5. e5 Nf5 6. Nf3 Be7 7. O-O O-O 8. d3
a6 9. a4 b6 10. Bd2 Bb7 11. Qe2 Qc7 12. Rfe1 Ncd4 13. Nxd4 Nxd4 14. Qd1 Qc6 15.
Re2 Nxe2+ 16. Qxe2 b5 17. Bb3 Rfd8 18. Qe4 Qxe4 19. Nxe4 Bxe4 20. dxe4 d6 21.
exd6 Rxd6 22. Be3 Rad8 23. c3 c4 24. Bc2 Rc6 25. e5 Bc5 26. Bxc5 Rxc5 27. Kf2
Rcd5 28. Ke3 Rd2 29. Be4 Rxb2 30. axb5 axb5 31. Ra5 g6 32. Bc6 Rd3+ 33. Ke4
Re2# 0-1

[Event "19. Obert Int. Sant Marti 2017 - B"]
[Site "Barcelona ESP"]
[Date "2017.07.13"]
[Round "1.69"]
[White "Molinas Garcia, Francisco"]
[Black "Orts Gonzalez, Rafael"]
[Result "1-0"]
[WhiteElo "1738"]
[BlackElo "1026"]
[PlyCount "101"]
[EventDate "2017.07.13"]
[EventType "swiss"]
[EventRounds "9"]
[EventCountry "ESP"]
[SourceTitle "Ajedrez en Madrid"]
[Source "lmi"]
[SourceDate "2017.07.13"]
[SourceVersion "1"]
[SourceVersionDate "2019.06.21"]
[SourceQuality "1"]

1. e4 c6 2. d4 d6 3. f4 Nd7 4. e5 e6 5. Nf3 d5 6. Bd3 h5 7. O-O g6 8. Nbd2 Bh6
9. Ng5 Nb6 10. Ndf3 Ne7 11. b3 Bd7 12. a4 a5 13. Ba3 Nf5 14. Qe1 f6 15. exf6
Qxf6 16. Ne5 Bc8 17. Ngf7 Rh7 18. Nd6+ Kd8 19. Qc3 g5 20. fxg5 Bxg5 21. Nxf5
exf5 22. Bc5 Be3+ 23. Kh1 Kc7 24. Rae1 Qh6 25. Bxf5 Bd2 26. Bxb6+ Kxb6 27. Qc5+
Kc7 28. Bxh7 Bxe1 29. Qe7+ Kb8 30. Rxe1 Qe6 31. Qd8 Ka7 32. Qxa5+ Kb8 33. Qd8
Ka7 34. a5 Bd7 35. Qxd7 Qxd7 36. Nxd7 Rh8 37. Bg6 Rh6 38. Bd3 Rd6 39. Re7 Rh6
40. Nc5 h4 41. Rxb7+ Ka8 42. a6 h3 43. Nd7 c5 44. Nb6+ Rxb6 45. Rxb6 hxg2+ 46.
Kxg2 Ka7 47. dxc5 Ka8 48. b4 Ka7 49. b5 Ka8 50. Rd6 Ka7 51. b6+ 1-0

[Event "19. Obert Int. Sant Marti 2017 - B"]
[Site "Barcelona ESP"]
[Date "2017.07.14"]
[Round "2.1"]
[White "Chandrasekhar, M K."]
[Black "Delgadillo Torrico, Felipe"]
[Result "1/2-1/2"]
[WhiteElo "1794"]
[BlackElo "1943"]
[PlyCount "91"]
[EventDate "2017.07.13"]
[EventType "swiss"]
[EventRounds "9"]
[EventCountry "ESP"]
[SourceTitle "Ajedrez en Madrid"]
[Source "lmi"]
[SourceDate "2017.07.13"]
[SourceVersion "1"]
[SourceVersionDate "2019.06.21"]
[SourceQuality "1"]

1. d4 d5 2. Nf3 Nf6 3. c4 e6 4. e3 c6 5. Nc3 a6 6. Bd3 dxc4 7. Bxc4 b5 8. Bd3
Bb7 9. Ne4 Nbd7 10. Qc2 Rc8 11. Nxf6+ Nxf6 12. O-O c5 13. dxc5 Bxc5 14. Qe2 O-O
15. a3 Qd5 16. Rd1 Qh5 17. b4 Ba7 18. Bb2 Bb8 19. h3 Nd5 20. Rac1 Rxc1 21. Rxc1
Bd6 22. Ne5 Qxe2 23. Bxe2 Rc8 24. Rxc8+ Bxc8 25. Bf3 Nb6 26. Be2 Bb7 27. Nf3
Bd5 28. Bd4 Nc4 29. Bxc4 Bxc4 30. Nd2 Bd5 31. e4 Bb7 32. f3 f5 33. e5 Be7 34.
Nb3 Bd5 35. Nc5 Bxc5 36. Bxc5 Kf7 37. f4 Ke8 38. g3 Kd7 39. Kf2 Kc6 40. Ke3 Bg2
41. Kd4 Bxh3 42. Bf8 g6 43. Bh6 Bf1 44. Bg5 Kb6 45. Bd8+ Kc6 46. Bg5 1/2-1/2

[Event "19. Obert Int. Sant Marti 2017 - B"]
[Site "Barcelona ESP"]
[Date "2017.07.14"]
[Round "2.2"]
[White "Samrat, Ghorai"]
[Black "Arribas Alvarez, Marti"]
[Result "1-0"]
[WhiteElo "1938"]
[BlackElo "1781"]
[PlyCount "97"]
[EventDate "2017.07.13"]
[EventType "swiss"]
[EventRounds "9"]
[EventCountry "ESP"]
[SourceTitle "Ajedrez en Madrid"]
[Source "lmi"]
[SourceDate "2017.07.13"]
[SourceVersion "1"]
[SourceVersionDate "2019.06.21"]
[SourceQuality "1"]

1. e4 e6 2. d4 d5 3. Nc3 Bb4 4. Nge2 dxe4 5. a3 Be7 6. Nxe4 Nf6 7. N2g3 Nbd7 8.
Bd3 O-O 9. h4 b6 10. Bg5 Bb7 11. Qd2 Nxe4 12. Bxe4 Bxe4 13. Nxe4 Nf6 14. Nxf6+
Bxf6 15. O-O-O h6 16. Bxf6 Qxf6 17. g4 Qf3 18. Rhg1 Rad8 19. Rg3 Qd5 20. h5 c5
21. Rd3 cxd4 22. Rxd4 Qxd4 23. Qxd4 Rxd4 24. Rxd4 f5 25. f3 fxg4 26. fxg4 Rf7
27. Kd2 Re7 28. Ke3 g5 29. Ke4 Kf7 30. Ke5 Rc7 31. c4 Rc5+ 32. Kd6 Rc8 33. Kd7
Re8 34. b4 e5 35. Re4 Re7+ 36. Kd6 Kf6 37. c5 bxc5 38. bxc5 Re6+ 39. Kc7 Re7+
40. Kd8 Re6 41. Kd7 Re7+ 42. Kd6 Re6+ 43. Kd5 Re8 44. c6 Rd8+ 45. Kc5 Ke6 46.
c7 Rd5+ 47. Kc4 Rd4+ 48. Rxd4 exd4 49. c8=Q+ 1-0

[Event "19. Obert Int. Sant Marti 2017 - B"]
[Site "Barcelona ESP"]
[Date "2017.07.14"]
[Round "2.3"]
[White "Bouzas Arcos, Juan Manuel"]
[Black "Majumdar, Shankar"]
[Result "0-1"]
[WhiteElo "1771"]
[BlackElo "1934"]
[PlyCount "42"]
[EventDate "2017.07.13"]
[EventType "swiss"]
[EventRounds "9"]
[EventCountry "ESP"]
[SourceTitle "Ajedrez en Madrid"]
[Source "lmi"]
[SourceDate "2017.07.13"]
[SourceVersion "1"]
[SourceVersionDate "2019.06.21"]
[SourceQuality "1"]

1. e4 c5 2. Nf3 Nc6 3. d4 cxd4 4. Nxd4 e5 5. Nb3 Nf6 6. Nc3 Bb4 7. Bd3 d5 8.
exd5 Qxd5 9. O-O Bxc3 10. bxc3 O-O 11. Ba3 Re8 12. Qc1 e4 13. Be2 Qf5 14. Nd4
Qg6 15. Kh1 Nd5 16. Nb5 Bg4 17. f3 exf3 18. Bxf3 Ne3 19. Rf2 Rad8 20. Bxg4 Nxg4
21. Rd2 Qh6 0-1

[Event "19. Obert Int. Sant Marti 2017 - B"]
[Site "Barcelona ESP"]
[Date "2017.07.14"]
[Round "2.4"]
[White "Serra Vilaro, Agustin"]
[Black "Vives Cabau, Jordi"]
[Result "1-0"]
[WhiteElo "1770"]
[BlackElo "1930"]
[PlyCount "62"]
[EventDate "2017.07.13"]
[EventType "swiss"]
[EventRounds "9"]
[EventCountry "ESP"]
[SourceTitle "Ajedrez en Madrid"]
[Source "lmi"]
[SourceDate "2017.07.13"]
[SourceVersion "1"]
[SourceVersionDate "2019.06.21"]
[SourceQuality "1"]

1. d4 f5 2. e4 fxe4 3. Nc3 Nf6 4. Bg5 b6 5. Bxf6 exf6 6. Nxe4 Bb7 7. Ng3 Nc6 8.
c3 d6 9. Bd3 Ne7 10. Nf3 Qd7 11. Qe2 O-O-O 12. Ba6 Re8 13. O-O Nf5 14. Qd3 Nxg3
15. fxg3 g6 16. a4 c6 17. d5 cxd5 18. a5 Qc6 19. Nd4 Qc7 20. Ra3 Bh6 21. axb6
axb6 22. Rfa1 Kb8 23. Bxb7 Be3+ 24. Kh1 Bxd4 25. Bxd5 Kc8 26. Ra8+ Kd7 27. Qb5+
Ke7 28. Re1+ Be5 29. Ra3 Qc5 30. Ra7+ Kf8 31. Rf7+ Kg8 1-0

[Event "19. Obert Int. Sant Marti 2017 - B"]
[Site "Barcelona ESP"]
[Date "2017.07.14"]
[Round "2.5"]
[White "Morais Carreras, Javier"]
[Black "Prieto Velasco, Rafael"]
[Result "1/2-1/2"]
[WhiteElo "1925"]
[BlackElo "1772"]
[PlyCount "152"]
[EventDate "2017.07.13"]
[EventType "swiss"]
[EventRounds "9"]
[EventCountry "ESP"]
[SourceTitle "Ajedrez en Madrid"]
[Source "lmi"]
[SourceDate "2017.07.13"]
[SourceVersion "1"]
[SourceVersionDate "2019.06.21"]
[SourceQuality "1"]

1. e4 e6 2. d3 d5 3. Nd2 Nf6 4. Ngf3 b6 5. g3 Bb7 6. e5 Nfd7 7. Bg2 c5 8. O-O
Nc6 9. Re1 Qc7 10. Qe2 Be7 11. Nf1 h6 12. c3 a5 13. d4 Ba6 14. Qd1 b5 15. h4
Nb6 16. Ne3 O-O-O 17. Bf1 Qb7 18. Bd2 Kb8 19. a3 g5 20. h5 Rc8 21. Ng4 cxd4 22.
cxd4 Na8 23. Rc1 Nb6 24. Bd3 Nc4 25. Bc3 Ka7 26. Re2 Rb8 27. Bxc4 bxc4 28. Qe1
Qb5 29. Rec2 a4 30. Qd1 Qb3 31. Nd2 Qb6 32. Nf1 Qb5 33. Qf3 Rbf8 34. Nf6 Qb7
35. Ne3 Bxf6 36. Qxf6 Qe7 37. Qf3 f5 38. Qd1 Bb5 39. Rd2 g4 40. Ng2 Rb8 41. Nf4
Qd7 42. Re2 Nd8 43. Bb4 Nf7 44. Bc5+ Ka6 45. Rec2 Ng5 46. Bd6 Rb7 47. Kg2 Ne4
48. Qe1 Rb6 49. Ng6 Rg8 50. Bb4 Qe8 51. Bd2 Rxg6 52. hxg6 Qxg6 53. Qh1 h5 54.
Qh4 Qe8 55. Rh1 c3 56. Bxc3 Bd3 57. Rcc1 Nxc3 58. Rxc3 Be4+ 59. Kh2 Bxh1 60.
Kxh1 Rxb2 61. Kg2 Rb3 62. Rc7 Rb7 63. Rc5 Rb5 64. Rc7 Rb7 65. Rxb7 Kxb7 66. Qh1
Ka7 67. Qc1 Qe7 68. Qc6 Qxa3 69. Qc7+ Ka8 70. Qd8+ Kb7 71. Qd7+ Ka8 72. Qxe6
Qf3+ 73. Kg1 Qd1+ 74. Kg2 Qf3+ 75. Kg1 Qd1+ 76. Kg2 Qf3+ 1/2-1/2

[Event "19. Obert Int. Sant Marti 2017 - B"]
[Site "Barcelona ESP"]
[Date "2017.07.14"]
[Round "2.6"]
[White "Sarrate Presas, Jordi"]
[Black "Costa Trave, Jaume"]
[Result "1-0"]
[WhiteElo "1770"]
[BlackElo "1922"]
[PlyCount "125"]
[EventDate "2017.07.13"]
[EventType "swiss"]
[EventRounds "9"]
[EventCountry "ESP"]
[SourceTitle "Ajedrez en Madrid"]
[Source "lmi"]
[SourceDate "2017.07.13"]
[SourceVersion "1"]
[SourceVersionDate "2019.06.21"]
[SourceQuality "1"]

1. c4 e6 2. e4 c6 3. Nc3 Bb4 4. Nge2 Ne7 5. a3 Bxc3 6. Nxc3 d5 7. d3 d4 8. Ne2
c5 9. g3 Bd7 10. Bg2 Bc6 11. b4 b6 12. Bd2 Nd7 13. O-O Ng6 14. f4 f5 15. e5
Bxg2 16. Kxg2 O-O 17. Nc1 Qc7 18. Qf3 Rae8 19. Nb3 Rf7 20. Rab1 Ndxe5 21. fxe5
Nxe5 22. Qe2 Qc6+ 23. Kg1 Ng4 24. h3 Nf6 25. bxc5 bxc5 26. Na5 Qc7 27. Qf3 Rb8
28. Bf4 e5 29. Rxb8+ Qxb8 30. Nc6 Qb3 31. Nxe5 Rf8 32. Bc1 g6 33. Qc6 Qb6 34.
Qxb6 axb6 35. g4 Re8 36. Bg5 Nxg4 37. hxg4 Rxe5 38. gxf5 Kg7 39. Bd8 gxf5 40.
Bxb6 Kg6 41. a4 Re3 42. Rd1 Kg5 43. Bxc5 Kg4 44. Bxd4 Re2 45. a5 f4 46. a6 f3
47. a7 Re8 48. Ra1 Ra8 49. c5 Kf4 50. Kf2 h5 51. c6 h4 52. c7 h3 53. c8=Q Rxc8
54. a8=Q Rc2+ 55. Kf1 h2 56. Qh8 Rg2 57. Be5+ Ke3 58. Bxh2 Rf2+ 59. Kg1 Re2 60.
Qe5+ Kxd3 61. Rd1+ Kc2 62. Qxe2+ fxe2 63. Re1 1-0

[Event "19. Obert Int. Sant Marti 2017 - B"]
[Site "Barcelona ESP"]
[Date "2017.07.14"]
[Round "2.7"]
[White "Espinosa Cebrian, Carlos"]
[Black "Varela Cuadrado, Cesar"]
[Result "1-0"]
[WhiteElo "1921"]
[BlackElo "1770"]
[PlyCount "81"]
[EventDate "2017.07.13"]
[EventType "swiss"]
[EventRounds "9"]
[EventCountry "ESP"]
[SourceTitle "Ajedrez en Madrid"]
[Source "lmi"]
[SourceDate "2017.07.13"]
[SourceVersion "1"]
[SourceVersionDate "2019.06.21"]
[SourceQuality "1"]

1. e4 d5 2. exd5 Qxd5 3. Nc3 Qa5 4. d4 Nf6 5. Bd2 Nc6 6. Nf3 Bg4 7. Be2 O-O-O
8. Ne4 Qb6 9. Nxf6 gxf6 10. c3 e5 11. Qb3 Qxb3 12. axb3 e4 13. Nh4 Be6 14. b4
Kb8 15. g3 Ne7 16. Ng2 Nd5 17. Ne3 Nb6 18. Ra5 Bh3 19. g4 Bh6 20. Rg1 Bxe3 21.
Bxe3 h5 22. Rxh5 Rxh5 23. gxh5 Nd5 24. h6 Ne7 25. Rg7 Be6 26. h7 b6 27. c4 Rh8
28. d5 Bf5 29. Bf4 Rxh7 30. Rxh7 Bxh7 31. d6 Nc6 32. dxc7+ Kc8 33. Bg4+ f5 34.
Bh5 Bg6 35. Be2 Nxb4 36. c5 bxc5 37. Kd2 Kb7 38. h4 a5 39. h5 Bh7 40. Bc4 Nd3
41. Ba6+ 1-0

[Event "19. Obert Int. Sant Marti 2017 - B"]
[Site "Barcelona ESP"]
[Date "2017.07.14"]
[Round "2.8"]
[White "Flemming, Klaus"]
[Black "Gallego Montes, Antoni"]
[Result "1/2-1/2"]
[WhiteElo "1766"]
[BlackElo "1908"]
[PlyCount "58"]
[EventDate "2017.07.13"]
[EventType "swiss"]
[EventRounds "9"]
[EventCountry "ESP"]
[SourceTitle "Ajedrez en Madrid"]
[Source "lmi"]
[SourceDate "2017.07.13"]
[SourceVersion "1"]
[SourceVersionDate "2019.06.21"]
[SourceQuality "1"]

1. Nf3 e6 2. c4 b6 3. g3 Bb7 4. Bg2 f5 5. O-O Nf6 6. d4 d5 7. Qa4+ Qd7 8. Qxd7+
Nbxd7 9. Ng5 Ke7 10. Nc3 h6 11. Nh3 g5 12. f4 g4 13. Nf2 Kf7 14. Nd3 c6 15. b3
Rc8 16. Bb2 Ba6 17. cxd5 Nxd5 18. Nxd5 cxd5 19. Rfc1 Bd6 20. Rxc8 Rxc8 21. Rc1
Rxc1+ 22. Nxc1 Nb8 23. e3 Bb4 24. Kf2 Nc6 25. Bf1 Bxf1 26. Kxf1 Ke8 27. Ke2 Kd7
28. Nd3 Bd6 29. Kd2 Nb4 1/2-1/2

[Event "19. Obert Int. Sant Marti 2017 - B"]
[Site "Barcelona ESP"]
[Date "2017.07.14"]
[Round "2.9"]
[White "Hinarejos Montano, Andres"]
[Black "Vicente Soriano, Josep"]
[Result "0-1"]
[WhiteElo "1607"]
[BlackElo "1698"]
[PlyCount "128"]
[EventDate "2017.07.13"]
[EventType "swiss"]
[EventRounds "9"]
[EventCountry "ESP"]
[SourceTitle "Ajedrez en Madrid"]
[Source "lmi"]
[SourceDate "2017.07.13"]
[SourceVersion "1"]
[SourceVersionDate "2019.06.21"]
[SourceQuality "1"]

1. d4 Nf6 2. Nf3 d5 3. e3 e6 4. a3 Bd6 5. Bd3 Nbd7 6. c4 c6 7. O-O O-O 8. h3 e5
9. dxe5 Nxe5 10. Nxe5 Bxe5 11. cxd5 Qxd5 12. Qc2 Bc7 13. f4 Bb6 14. Rd1 Qh5 15.
Qe2 Be6 16. Qxh5 Nxh5 17. Kh2 Bb3 18. Rf1 Rad8 19. Be2 Nf6 20. Nc3 Rfe8 21. Rf3
Bd5 22. Rg3 Bb3 23. a4 Bc5 24. a5 Nd5 25. Nxd5 Rxd5 26. e4 Rxe4 27. Bf3 Re1 28.
Rg5 Rxg5 29. fxg5 Bd5 30. Bxd5 cxd5 31. b3 Bd4 32. Ra4 Be5+ 33. Bf4 Bxf4+ 34.
Rxf4 Kf8 35. Rb4 Re7 36. Kg3 Ke8 37. Kf3 Kd8 38. Rd4 Re5 39. Kf4 f6 40. h4 Kc7
41. b4 Kd6 42. g4 fxg5+ 43. hxg5 g6 44. Kf3 Kc6 45. Kf4 Kd6 46. Kf3 Re7 47. Rf4
Ke5 48. Ke3 Rc7 49. Rf8 Rc3+ 50. Kd2 Rc4 51. Rf7 Rxb4 52. Rxh7 Kf4 53. Rg7 Kxg5
54. Rd7 Rb5 55. a6 bxa6 56. Rxa7 Kxg4 57. Rxa6 g5 58. Ke3 Kg3 59. Rg6 g4 60.
Kd4 Kf3 61. Rf6+ Kg2 62. Rg6 g3 63. Ke3 Rb3+ 64. Kd4 Kf2 0-1

[Event "19. Obert Int. Sant Marti 2017 - B"]
[Site "Barcelona ESP"]
[Date "2017.07.14"]
[Round "2.10"]
[White "Atul, Kumar"]
[Black "David, Dorian-Ciprian"]
[Result "1-0"]
[WhiteElo "1907"]
[BlackElo "1768"]
[PlyCount "103"]
[EventDate "2017.07.13"]
[EventType "swiss"]
[EventRounds "9"]
[EventCountry "ESP"]
[SourceTitle "Ajedrez en Madrid"]
[Source "lmi"]
[SourceDate "2017.07.13"]
[SourceVersion "1"]
[SourceVersionDate "2019.06.21"]
[SourceQuality "1"]

1. e4 a6 2. Nf3 b5 3. a4 b4 4. c3 e6 5. d4 Bb7 6. Nbd2 Nf6 7. Bd3 c5 8. O-O Qc7
9. Re1 d6 10. c4 cxd4 11. Nxd4 Nc6 12. Nxc6 Qxc6 13. Nb3 Qc7 14. a5 Rb8 15. Bd2
Ba8 16. Bf4 e5 17. Bd2 Bc6 18. f3 Be7 19. Nc1 Nd7 20. Bf1 O-O 21. Nd3 b3 22.
Kh1 Rb7 23. Qc1 f5 24. exf5 Rxf5 25. Nb4 Ra7 26. Bd3 Rf7 27. Nxc6 Qxc6 28. Be4
Qc7 29. Bd5 Nc5 30. Qc3 Bf6 31. Qe3 Qd7 32. Bxf7+ Qxf7 33. Rec1 Qg6 34. Rd1 Rb7
35. Bc3 Bg5 36. Qe2 Qe6 37. Rd5 Rc7 38. Rad1 Be7 39. Bb4 Nb7 40. Qd3 Rc6 41.
Qxb3 e4 42. Re1 Bf6 43. Rxe4 Qf7 44. Qe3 h6 45. b3 Bd8 46. Re8+ Kh7 47. Qe4+ g6
48. Qe6 Qg7 49. Bc3 Nc5 50. Rxc5 dxc5 51. Qxc6 Qf7 52. Rh8# 1-0

[Event "19. Obert Int. Sant Marti 2017 - B"]
[Site "Barcelona ESP"]
[Date "2017.07.14"]
[Round "2.11"]
[White "Gimenez Canadas, Carlos"]
[Black "Cano Sevilla, Ivan"]
[Result "1/2-1/2"]
[WhiteElo "1764"]
[BlackElo "1904"]
[PlyCount "112"]
[EventDate "2017.07.13"]
[EventType "swiss"]
[EventRounds "9"]
[EventCountry "ESP"]
[SourceTitle "Ajedrez en Madrid"]
[Source "lmi"]
[SourceDate "2017.07.13"]
[SourceVersion "1"]
[SourceVersionDate "2019.06.21"]
[SourceQuality "1"]

1. e4 c5 2. Nf3 g6 3. d4 cxd4 4. Nxd4 Bg7 5. Be3 Nc6 6. Nc3 Nf6 7. Bc4 Qa5 8.
O-O O-O 9. Bb3 d6 10. f3 Bd7 11. Qd2 Nxd4 12. Bxd4 Bc6 13. Rad1 Qd8 14. Kh1 b5
15. Nd5 Bxd5 16. Bxd5 Nxd5 17. Bxg7 Kxg7 18. Qxd5 Qb8 19. c3 a5 20. a3 Kg8 21.
Rfe1 b4 22. axb4 axb4 23. c4 b3 24. Ra1 Qb4 25. Rec1 Ra2 26. Qb5 Qd2 27. Rg1
Qxb2 28. Rab1 Qe2 29. Qxb3 Rfa8 30. Qb7 R2a7 31. Qc6 Ra6 32. Qb7 e6 33. Qc7 Ra2
34. Qxd6 Qxc4 35. Rb8+ Rxb8 36. Qxb8+ Kg7 37. Qe5+ f6 38. Qd6 Ra7 39. Qb6 Rd7
40. Qf2 e5 41. Qb6 Qd4 42. Qe6 Ra7 43. h3 h5 44. Qc6 Ra1 45. Rxa1 Qxa1+ 46. Kh2
Qe1 47. Qd7+ Kh6 48. Qd6 Kg5 49. Qb6 h4 50. Qd6 Qc1 51. Qe6 Qc7 52. Qg4+ Kh6
53. Qxh4+ Kg7 54. Qg4 Kh6 55. Qe6 Kg7 56. Qb3 Qc1 1/2-1/2

[Event "19. Obert Int. Sant Marti 2017 - B"]
[Site "Barcelona ESP"]
[Date "2017.07.14"]
[Round "2.12"]
[White "Fabregas Fontanet, Antonio"]
[Black "Franzoni Ladron De Guevara, Enric"]
[Result "1-0"]
[WhiteElo "1903"]
[BlackElo "1764"]
[PlyCount "89"]
[EventDate "2017.07.13"]
[EventType "swiss"]
[EventRounds "9"]
[EventCountry "ESP"]
[SourceTitle "Ajedrez en Madrid"]
[Source "lmi"]
[SourceDate "2017.07.13"]
[SourceVersion "1"]
[SourceVersionDate "2019.06.21"]
[SourceQuality "1"]

1. e4 c5 2. Nf3 d6 3. d4 cxd4 4. Nxd4 Nf6 5. Nc3 a6 6. Be2 e5 7. Nb3 Be6 8. f4
Qc7 9. Be3 Be7 10. O-O Nbd7 11. Nd2 exf4 12. Bxf4 Ne5 13. Nf3 O-O 14. Nd4 Bd7
15. Bg5 Qc5 16. Kh1 h6 17. Bxf6 Bxf6 18. Nd5 Bg5 19. b4 Qa7 20. Nf5 Bxf5 21.
Rxf5 g6 22. Rf1 Rad8 23. a4 b6 24. Qd4 Rb8 25. a5 Nc6 26. Qf2 b5 27. Qg3 Ne5
28. h4 Bd8 29. h5 Bg5 30. Rad1 Rbd8 31. Nb6 Qc7 32. Qb3 Kg7 33. Qb2 Qe7 34. Nd5
Qe6 35. Rd3 gxh5 36. Bxh5 f6 37. Rf5 Rc8 38. Bd1 Rc4 39. Rd4 Rfc8 40. Nb6 Rxd4
41. Qxd4 Rc7 42. c3 Nc4 43. Nd5 Rc8 44. Bg4 Ne5 45. Rxg5+ 1-0

[Event "19. Obert Int. Sant Marti 2017 - B"]
[Site "Barcelona ESP"]
[Date "2017.07.14"]
[Round "2.13"]
[White "Del Valle, Clemence"]
[Black "Muhammad, Qasim"]
[Result "1/2-1/2"]
[WhiteElo "1759"]
[BlackElo "1899"]
[PlyCount "147"]
[EventDate "2017.07.13"]
[EventType "swiss"]
[EventRounds "9"]
[EventCountry "ESP"]
[SourceTitle "Ajedrez en Madrid"]
[Source "lmi"]
[SourceDate "2017.07.13"]
[SourceVersion "1"]
[SourceVersionDate "2019.06.21"]
[SourceQuality "1"]

1. e4 e6 2. d4 d5 3. exd5 exd5 4. Bd3 Nc6 5. c3 Bd6 6. Ne2 Bg4 7. h3 Bh5 8. Qb3
Nge7 9. Nf4 Bg6 10. Bxg6 hxg6 11. Nxd5 Nxd5 12. Qxd5 O-O 13. Be3 Re8 14. Qf3
Qg5 15. O-O Qb5 16. b3 Qd3 17. Rd1 Qc2 18. Rd2 Qf5 19. Qxf5 gxf5 20. g3 Bxg3
21. fxg3 Rxe3 22. Kf2 Rae8 23. d5 Nb8 24. c4 f4 25. g4 Rxh3 26. Kg2 Rg3+ 27.
Kf2 Rxg4 28. Nc3 Nd7 29. Nb5 Nc5 30. Rd4 c6 31. dxc6 bxc6 32. Nxa7 Ne4+ 33. Kf3
Rg3+ 34. Kxf4 g5+ 35. Kf5 Rf3+ 36. Kg4 Rf4+ 37. Kh3 Nf2+ 38. Kg3 Rxd4 39. Kxf2
Rf4+ 40. Kg2 Re2+ 41. Kg1 Rf6 42. Nc8 Re4 43. Kh2 g4 44. a4 Rf2+ 45. Kg1 g3 46.
a5 Ree2 47. a6 Ra2 48. Rxa2 Rxa2 49. Ne7+ Kf8 50. Nxc6 Rxa6 51. Nd4 Ke8 52. Kg2
Rd6 53. Nf5 Rd2+ 54. Kxg3 Rd3+ 55. Kf4 Rxb3 56. Ke5 Rf3 57. c5 Rf1 58. c6 Kd8
59. Nd4 Kc7 60. Kd5 Rd1 61. Kc5 Rxd4 62. Kxd4 Kxc6 63. Ke5 Kd7 64. Kf6 Ke8 65.
Kf5 Ke7 66. Ke5 f6+ 67. Kf5 Kf7 68. Kf4 Kf8 69. Kf5 Kg7 70. Kf4 Kg6 71. Kg4 f5+
72. Kf4 Kf6 73. Kf3 Kg5 74. Kg3 1/2-1/2